000 00623nam a2200217 a 4500
001 0001-1971
003 ELIB.Books
008 190122 2010 eng
020 _a13: 9789814222563
092 _a268.434 Eme
_bEme
100 _aEmery-Wright, Steven.
245 _aUnderstanding Teenage Sexuality
_bA Foundation for Christian Relationships
260 _aSingapore
_bGenesis
_c2009
300 _a217
_c20.5 cm
650 _aChristian Education - Youth
856 _nKBTS Library
_uKBTS Elib
942 _2ddc
_cBK
990 _a2
998 _aEnglishbooks.elf
_ccat
_e2019-01-22
999 _c11971
_d11971